| 000 | 00517nam a22001577a 4500 | ||
|---|---|---|---|
| 999 |
_c534339 _d534339 |
||
| 020 | _qHard Cover. | ||
| 082 | _a620.44 | ||
| 100 | _aAlam, Syed Fakhar | ||
| 245 |
_aNanopores and Phase Characterization of Pakistani Shale / _cSyed Fakhar Alam. |
||
| 260 |
_aIslamabad: _bS3H -NUST, _c2014. |
||
| 300 |
_a71 p. : _bill. ; _c30cm. |
||
| 942 |
_2ddc _cTHE |
||
| 650 |
_aMaterial and Surface Engineering MS-Thesis. _916443 |
||
| 700 |
_aDr. Muhammad Mujahid. _919372 |
||